| 000 | 00453nam a22001817a 4500 | ||
|---|---|---|---|
| 005 | 20231114185636.0 | ||
| 008 | 231114b |||||||| |||| 00| 0 eng d | ||
| 020 | _a9789693518931 | ||
| 082 |
_a745.619 _bKHU-W |
||
| 100 | _aKhurshid Alam | ||
| 245 | _aThe wonders of calligraphy | ||
| 260 |
_aPakistan _bSang-e-meel publisher _c2006 |
||
| 300 | _a213 | ||
| 500 | _aInclude Index | ||
| 650 | _aArchitecture | ||
| 700 | _aKhurshid Alam | ||
| 999 |
_c34723 _d34723 |
||